[Event "Copenhagen op"]
[Site "Copenhagen"]
[Date "1998.06.22"]
[Round "2"]
[White "Antonsen, Mikkel"]
[Black "Djurhuus, Rune"]
[Result "1-0"]
[WhiteElo "2405"]
[BlackElo "2510"]

1.d4 Nf6 2.c4 e6 3.Nc3 Bb4 4.Qc2 O-O 5.a3 Bxc3+ 6.Qxc3 b6 7.Nf3 Ne4 8.Qc2 Bb7
9.b4 d5 10.e3 Nd7 11.Bd3 f5 12.O-O Rf6 13.c5 bxc5 14.bxc5 Bc6 15.a4 Rb8 16.Bb5 Bxb5
17.axb5 Rxb5 18.Rxa7 c6 19.Bd2 Rf8 20.Rfa1 Qc8 21.Ba5 Rb7 22.Bb6 Nxb6 23.Rxb7 Qxb7
24.Rb1 Ra8 25.h4 Ra6 26.Qb2 Nf6 27.Ne5 Nfd7 28.Nxd7 Qxd7 29.cxb6 Qb7 30.Qb4 Kf7
31.Qc5 g6 32.g3 h6 33.Kg2 h5 34.Kf3 Kg7 35.Rb2 Kf7 36.Rb3 Kg7 37.Rb4 Kf7
38.Rb2 Kg7 39.Kf4 Qb8+ 40.Kf3 Qb7 41.Kg2 Kf7 42.Rb1 Kg7 43.Kh3 Kf7 44.Qb4 Kg7
45.Kg2 Kf7 46.Kf3 Kg7 47.Qd6 Rxb6 48.Rxb6 Qxb6 49.Qe7+ Kh6 50.Qf8+ Kh7 51.Qf7+ Kh8
52.Qxg6 Qb1 53.Qh6+ Kg8 54.Qxe6+ Kg7 55.Kf4 Qc2 56.f3 c5 57.Qe7+ Kg6 58.Qxc5  1-0

[Event "Agency"]
[Site "London"]
[Date "1998.06.22"]
[Round "8"]
[White "Ippolito, Dean"]
[Black "Wells, Peter K"]
[Result "0-1"]
[WhiteElo "2435"]
[BlackElo "2530"]

1.d4 Nf6 2.c4 e6 3.Nc3 Bb4 4.Qc2 O-O 5.a3 Bxc3+ 6.Qxc3 b6 7.Bg5 Bb7 8.e3 d6
9.Nf3 Nbd7 10.Nd2 c5 11.f3 cxd4 12.Qxd4 Qc7 13.Be2 e5 14.Qd3 h6 15.Bh4 d5
16.O-O Rac8 17.Rac1 b5 18.c5 Nxc5 19.Qf5 Qd6 20.Bxb5 a6 21.Be2 Ncd7 22.b4 a5
23.Qb1 Rb8 24.Rc3 d4 25.Nc4 Qe6 26.exd4 exd4 27.Rc2 axb4 28.Bg3 Rbc8 29.axb4 Nd5
30.Bd3 Nc3 31.Qe1 Bd5 32.Ne5 Rfe8 33.Nxd7 Qxd7 34.Qd2 Bb3 35.Rb2 Bc4 36.Bxc4 Rxc4
37.Qd3 Qd5 38.Bf2 Nb5 39.Re1 Re6 40.h3 Rc3 41.Qd2 d3 42.Ra2 Qc4 43.Rxe6 fxe6
44.Ra8+ Kh7 45.Rd8 Rc1+ 46.Be1 Nd4 47.b5 Qc2 48.Kf2 Rd1  0-1

[Event "Copenhagen op"]
[Site "Copenhagen"]
[Date "1998.06.23"]
[Round "3"]
[White "Schandorff, Lars"]
[Black "Sammalvuo, Tapani"]
[Result "1/2-1/2"]
[WhiteElo "2525"]
[BlackElo "2395"]

1.d4 Nf6 2.c4 e6 3.Nc3 Bb4 4.Qc2 O-O 5.a3 Bxc3+ 6.Qxc3 b5 7.c5 Nd5 8.Qc2 Bb7
9.Nh3 f5 10.f3 Qh4+ 11.g3 Qe7 12.Bg2 Nf6 13.O-O Nc6 14.e3 d6 15.Qb3 a6 16.cxd6 cxd6
17.Nf4 Nd8 18.Bd2 g5 19.Nd3 Bd5 20.Qd1 Qb7 21.Nb4 Bc4 22.Re1 a5 23.Na2 Bd5
24.Nc3 Bc6 25.e4 g4 26.d5 exd5 27.Bh6 gxf3 28.Bxf8 Qb6+ 29.Kh1 fxg2+ 30.Kxg2 Kxf8
31.Nxd5 Bxd5 32.exd5 Qc5 33.Rc1 Qxd5+ 34.Qxd5 Nxd5 35.Rcd1 Ne7 36.Rxd6 Ndc6
37.Rc1 Ne5 38.Rc7 Ke8 39.Re6 Ng6 40.Rb7 Kf7 41.Re2 b4 42.axb4 axb4 43.Rxb4 Ra2
44.Rd4  1/2-1/2

[Event "Copenhagen op"]
[Site "Copenhagen"]
[Date "1998.06.25"]
[Round "5"]
[White "Schandorff, Lars"]
[Black "Petersen, Peter Birk"]
[Result "1-0"]
[WhiteElo "2525"]
[BlackElo "2195"]

1.d4 Nf6 2.c4 e6 3.Nc3 Bb4 4.Qc2 O-O 5.a3 Bxc3+ 6.Qxc3 Ne4 7.Qc2 f5 8.Nh3 Nc6
9.e3 d6 10.f3 Nf6 11.Be2 e5 12.d5 Ne7 13.Nf2 a5 14.Bd2 Ng6 15.g3 Qe8 16.e4 Ne7
17.c5 Nd7 18.cxd6 cxd6 19.Qc7 Nc5 20.Qxd6 Nb3 21.Rd1 fxe4 22.fxe4 Nd4 23.Qxe5 Nxe2
24.Kxe2 Qb5+ 25.Ke1 Rxf2 26.Kxf2 Bg4 27.Rhe1 Rf8+ 28.Kg1 Bxd1 29.Bc3 Rf7
30.Rxd1 Qe2 31.Qd4 Ng6 32.Re1 Nf4 33.gxf4 Qg4+ 34.Kf2 Rxf4+ 35.Ke3 Qg2 36.Qxg7+  1-0

[Event "World op"]
[Site "Philadelphia"]
[Date "1998.06.27"]
[Round "1"]
[White "Andrews, Todd D"]
[Black "Kobese, Watu"]
[Result "0-1"]
[WhiteElo "2145"]
[BlackElo "2330"]

1.d4 Nf6 2.c4 e6 3.Nc3 Bb4 4.Qc2 O-O 5.a3 Bxc3+ 6.Qxc3 b6 7.Bg5 Ba6 8.e3 d6
9.Bd3 Nbd7 10.Ne2 c5 11.b4 cxd4 12.exd4 Rc8 13.Qb3 e5 14.Rc1 h6 15.Bh4 d5
16.cxd5 Bxd3 17.Rxc8 Qxc8 18.Qxd3 e4 19.Qb5 Qb7 20.Bxf6 Nxf6 21.O-O Qxd5
22.Qxd5 Nxd5 23.Rc1 f5 24.Ng3 g6 25.Rc6 Kg7 26.h4 Rf6 27.Rc8 Rf8 28.Rxf8 Kxf8
29.h5 Kg7 30.Kf1 Kf6 31.hxg6 Kxg6 32.Ne2 f4 33.g3 fxg3 34.Nxg3 e3 35.Ne4 h5
36.Nd6 a6 37.fxe3 Nxe3+ 38.Kf2 Nf5 39.Nc4 b5 40.Ne5+ Kg5 41.d5 h4 42.Nd3 Kg4
43.Ne5+ Kg5 44.Nd3 Nd6 45.Nc5 Kf4 46.Kg2 Ke5 47.Kh3 Kxd5 48.Kxh4 a5 49.Kg4 a4
50.Kf3 Nc4 51.Ke2 Kd4  0-1

[Event "World op"]
[Site "Philadelphia"]
[Date "1998.06.28"]
[Round "2"]
[White "Beckman, Thomas J"]
[Black "De Fotis, Gregory"]
[Result "0-1"]
[WhiteElo "2160"]
[BlackElo "2380"]

1.d4 Nf6 2.c4 e6 3.Nc3 Bb4 4.Qc2 O-O 5.a3 Bxc3+ 6.bxc3 b6 7.Bg5 Bb7 8.Nf3 c5
9.dxc5 bxc5 10.e3 d6 11.Be2 Nbd7 12.h3 a5 13.O-O a4 14.Rad1 Qc7 15.Nd2 Rfb8
16.f4 Ra6 17.Bf3 Bxf3 18.Rxf3 Qb7 19.Bxf6 Nxf6 20.Qd3 Qc7 21.g4 Rb2 22.g5 Nd7
23.h4 Rab6 24.h5 Qb7 25.Rh3 d5 26.h6 dxc4 27.Qxc4 e5 28.hxg7 exf4 29.exf4 R6b3
30.Nxb3 Qg2+  0-1

[Event "Copenhagen op"]
[Site "Copenhagen"]
[Date "1998.07.01"]
[Round "10"]
[White "Antonsen, Mikkel"]
[Black "Adamski, Jan"]
[Result "1-0"]
[WhiteElo "2405"]
[BlackElo "2345"]

1.d4 Nf6 2.c4 e6 3.Nc3 Bb4 4.Qc2 O-O 5.a3 Bxc3+ 6.Qxc3 b6 7.Bg5 Bb7 8.Nf3 d6
9.Nd2 Nbd7 10.f3 h6 11.Bh4 c5 12.e4 Re8 13.Bd3 cxd4 14.Qxd4 Qc7 15.O-O Nh5
16.Rfe1 Nf4 17.Bf1 e5 18.Qe3 Ne6 19.Rac1 Nd4 20.Bf2 Nc5 21.b4 Nce6 22.Nb3 Rac8
23.Nxd4 Nxd4 24.Qd3 Ne6 25.Red1 Red8 26.Qb3 Qe7 27.Rc2 Bc6 28.Rcd2 Rb8 29.Be3 Kh8
30.Qb2 Ba4 31.Rc1 Be8 32.Rd3 Kh7 33.Qd2 Kg8 34.Qa2 Kh7 35.Rcd1 Qc7 36.Qb3 Kg8
37.R3d2 Kh7 38.Rb1 Kh8 39.Rdb2 Qc6 40.Qd1 Qc7 41.Qd2 Kh7 42.Qf2 Kh8 43.g3 Kg8
44.Bd3 Qe7 45.h4 Bc6 46.Kh2 Kh8 47.a4 Qc7 48.f4 exf4 49.gxf4 Re8 50.Rg1 f6
51.Qg3 Nd8 52.f5 Rb7 53.Rbg2 Qf7 54.Qf4 Qf8 55.b5 Bxe4 56.Bxe4 Rbe7 57.Bd5 Rxe3
58.Rxg7 Re2+ 59.Kh1 Qxg7 60.Rxg7 Kxg7 61.Qg3+ Kh8 62.Qg6 Re1+ 63.Kg2 R8e2+
64.Kf3 Re3+ 65.Kf4  1-0

[Event "NOR-ch"]
[Site "Oslo"]
[Date "1998.07.04"]
[Round "1"]
[White "Johansen, Terje"]
[Black "Gausel, Einar"]
[Result "0-1"]
[WhiteElo "2260"]
[BlackElo "2555"]

1.d4 Nf6 2.c4 e6 3.Nc3 Bb4 4.Qc2 O-O 5.a3 Bxc3+ 6.Qxc3 b6 7.Bg5 Ba6 8.e3 d6
9.b4 Nbd7 10.Bd3 c5 11.dxc5 bxc5 12.b5 Bb7 13.f3 d5 14.Ne2 Qb6 15.O-O dxc4
16.Bxc4 Nd5 17.Qb3 h6 18.Bf4 a6 19.a4 axb5 20.axb5 Ra5 21.Rxa5 Qxa5 22.Bd6 Rc8
23.e4 N5b6 24.Nc3 Qb4 25.Bxe6 Qd4+ 26.Kh1 fxe6 27.Qxe6+ Kh8 28.Ne2 Qd3 29.Ng3 Qxb5
30.f4 Nf6 31.Be5 Nbd7 32.h3 Re8 33.Qf7 Rf8 34.Qe7 Re8 35.Qf7 Bxe4 36.Rd1 Rf8
37.Qe7 Re8 38.Qf7 Rf8 39.Qe7 Re8 40.Qf7 Nxe5 41.fxe5 Rxe5 42.Rd8+ Kh7 43.Rd6 Bd5  0-1

[Event "Politiken Cup"]
[Site "Copenhagen"]
[Date "1998.07.06"]
[Round "3"]
[White "Stefansson, Hannes"]
[Black "Greger, Roland"]
[Result "0-1"]
[WhiteElo "2540"]
[BlackElo "2340"]

1.d4 Nf6 2.c4 e6 3.Nc3 Bb4 4.Qc2 O-O 5.a3 Bxc3+ 6.Qxc3 b5 7.cxb5 c6 8.f3 cxb5
9.e4 a6 10.Bd3 Nc6 11.Ne2 Bb7 12.Bc2 d6 13.O-O Rc8 14.Qd3 Qc7 15.Bb1 Ne7
16.Bg5 Ng6 17.Bxf6 gxf6 18.f4 Qc4 19.Qe3 f5 20.Nc3 e5 21.dxe5 dxe5 22.exf5 exf4
23.Qb6 Bxg2 24.Ba2 Qd3 25.Rad1 Qxf5 26.Kxg2 Rxc3 27.Bb1 Qh3+ 28.Kh1 Re3 29.Qd4 Rfe8
30.Bxg6 hxg6 31.Qxf4 Qe6 32.Rd6 Qe7 33.Qd4 Re1 34.Rf6 Rxf1+ 35.Rxf1 Qe4+
36.Qxe4 Rxe4 37.Rf6 a5 38.Rf2 b4 39.axb4 axb4 40.Kg2 Kg7 41.Kf3 f5 42.Rd2 Kf6
43.Rd6+ Kg5 44.Rd2 Rc4 45.Kg3 Kh5 46.Rd3 g5 47.h3 Rc2 48.Rb3 f4+ 49.Kf3 Rh2
50.Ke4 Re2+ 51.Kf5 Re3 52.Rxb4 f3  0-1

[Event "Politiken Cup"]
[Site "Copenhagen"]
[Date "1998.07.07"]
[Round "4"]
[White "Schmied, Andreas"]
[Black "Lindberg, Bengt"]
[Result "1/2-1/2"]
[WhiteElo "2155"]
[BlackElo "2305"]

1.d4 Nf6 2.c4 e6 3.Nc3 Bb4 4.Qc2 O-O 5.a3 Bxc3+ 6.Qxc3 b6 7.Bg5 Bb7 8.e3 d6
9.Nf3 Nbd7 10.Be2 Qe8 11.O-O Ne4 12.Qc2 f5 13.Bh4 Qh5 14.Bg3 Nxg3 15.hxg3 Nf6
16.Nh2 Qg6 17.Rfe1 Be4 18.Qd1 e5 19.Nf1 f4 20.exf4 exf4 21.Bf3 fxg3 22.Nxg3 Bxf3
23.Qxf3 Ng4 24.Qd5+ Kh8 25.Re2 Nxf2 26.Rxf2 Qxg3 27.Rf3 Qh4 28.Raf1 Rg8 29.Qxa8 Qxd4+
30.Kh1 Qh4+ 31.Kg1  1/2-1/2

[Event "Politiken Cup"]
[Site "Copenhagen"]
[Date "1998.07.12"]
[Round "8"]
[White "Rossen, Claus"]
[Black "Lindberg, Bengt"]
[Result "1/2-1/2"]
[WhiteElo "2165"]
[BlackElo "2305"]

1.d4 Nf6 2.c4 e6 3.Nc3 Bb4 4.Qc2 O-O 5.a3 Bxc3+ 6.Qxc3 b6 7.Bg5 Bb7 8.Nf3 d6
9.Nd2 Nbd7 10.f3 e5 11.e4 a5 12.Be2 a4 13.O-O h6 14.Be3 Re8 15.b4 axb3 16.Nxb3 Bc8
17.Rfd1 Qe7 18.a4 exd4 19.Nxd4 Qe5 20.Nb5 Qxc3 21.Nxc3 Nc5 22.Bxc5 bxc5 23.Nd5 Nxd5
24.cxd5 Ba6 25.Bxa6 Rxa6 26.Rdb1 Rea8 27.Rb7 R6a7 28.Rxa7 Rxa7 29.a5 Kf8
30.Kf2 Ke7 31.Ke3 Kd7 32.Kd3 c6 33.Kc4 Kc7 34.e5 cxd5+ 35.Kxd5 dxe5 36.Kxc5 Ra6
37.Kb5 Re6 38.Rc1+ Kb7 39.Rd1 Re7 40.Rd6 f5 41.Kc4 e4 42.fxe4 fxe4 43.Rd2 Ka6
44.Ra2 Rd7 45.Re2 Kxa5 46.Kc5 Ka4 47.Rxe4+ Kb3 48.h4 Kc3 49.Kc6 Rd4 50.Rxd4 Kxd4
51.Kd6 Ke4 52.Ke6 Kf4 53.Kf7 Kg4 54.Kxg7 Kxh4 55.Kxh6 Kg3  1/2-1/2

[Event "Politiken Cup"]
[Site "Copenhagen"]
[Date "1998.07.13"]
[Round "9"]
[White "Lahlum, Hans Olav"]
[Black "Greger, Roland"]
[Result "1-0"]
[WhiteElo "2215"]
[BlackElo "2340"]

1.d4 Nf6 2.c4 e6 3.Nc3 Bb4 4.Qc2 O-O 5.a3 Bxc3+ 6.Qxc3 b5 7.cxb5 c6 8.Bg5 cxb5
9.e3 Bb7 10.Nf3 Nc6 11.Bxb5 Rc8 12.Be2 Na5 13.Bxf6 gxf6 14.Qd3 Bd5 15.Nd2 Qc7
16.b4 Nc4 17.Nxc4 Bxg2 18.Rg1 Qxh2 19.Kd2 Kh8 20.Nd6 Rc6 21.Ne4 f5 22.Ng5 f6
23.Nf3 Qh3 24.e4 Rfc8 25.Rac1 f4 26.Rxc6 Rxc6 27.Ne1 Qh6 28.Nxg2 f3+ 29.Qe3 Qh2
30.Qxf3 Qxg1 31.Qxf6+ Kg8 32.Qd8+  1-0

[Event "Politiken Cup"]
[Site "Copenhagen"]
[Date "1998.07.13"]
[Round "9"]
[White "Hillarp Persson, Tiger"]
[Black "Lyrberg, Patrik"]
[Result "1-0"]
[WhiteElo "2410"]
[BlackElo "2430"]

1.d4 Nf6 2.c4 e6 3.Nc3 Bb4 4.Qc2 O-O 5.a3 Bxc3+ 6.Qxc3 b6 7.Bg5 Bb7 8.Nf3 d6
9.Nd2 Nbd7 10.f3 Rc8 11.e4 c5 12.Bd3 cxd4 13.Qxd4 Qc7 14.b4 d5 15.exd5 Qe5+
16.Be3 exd5 17.O-O Rfe8 18.Rfe1 Qxd4 19.Bxd4 Rxe1+ 20.Rxe1 dxc4 21.Nxc4 Re8
22.Rxe8+ Nxe8 23.Kf2 g6 24.Ne5 Nef6 25.Nxd7 Nxd7 26.Bb5 Bc8 27.Ke3 Kf8 28.Kf4 f6
29.h4 Ke7 30.g4 Bb7 31.g5 a6 32.Be2 b5 33.gxf6+ Nxf6 34.Kg5 Ng8 35.h5 gxh5
36.f4 h6+ 37.Kxh5 Ke6 38.Bg4+ Kf7 39.Bd1 Bd5 40.Be5 Nf6+ 41.Kxh6 Ne4 42.Bh5+ Kf8
43.Bg4 Nd2 44.Bc8 Nc4 45.Bxa6 Nxa3 46.Bb2 Nc4 47.Bg7+  1-0

[Event "RUS-Cup07"]
[Site "Tomsk"]
[Date "1998.07.15"]
[Round "1"]
[White "Shariyazdanov, Andrey"]
[Black "Kanatov, Askar"]
[Result "1-0"]
[WhiteElo "2495"]
[BlackElo "2285"]

1.d4 Nf6 2.c4 e6 3.Nc3 Bb4 4.Qc2 O-O 5.a3 Bxc3+ 6.Qxc3 b6 7.Bg5 c5 8.dxc5 bxc5
9.Nf3 d6 10.e3 Nbd7 11.Bd3 Rb8 12.Nd2 Qb6 13.Rb1 a5 14.O-O Ba6 15.Rfd1 Rfc8
16.Bf4 Bb7 17.Bg3 e5 18.Qc2 Re8 19.Be2 Ba8 20.f3 Rec8 21.Nf1 Ne8 22.Be1 Bc6
23.Ng3 Ndf6 24.Bc3 Qc7 25.Bd3 Rd8 26.Nf5 Ra8 27.Qf2 Bd7 28.Qg3 Bxf5 29.Bxf5 Nd7
30.f4 Ra7 31.Bxd7 exf4 32.exf4 Qxd7 33.Re1 f5 34.Re3 Qf7 35.Rbe1 Nf6 36.Qg5 Rf8
37.Qxf5 Qxc4 38.Re6 Nd5 39.Re8 Rf7 40.Rxf8+ Rxf8 41.Qe6+ Kh8 42.Rd1 Qxf4
43.h3 Ne3 44.Rd2 Qg3  1-0

[Event "RUS-ch51"]
[Site "St Petersburg"]
[Date "1998.08.02"]
[Round "6"]
[White "Ionov, Sergey"]
[Black "Epishin, Vladimir"]
[Result "1/2-1/2"]
[WhiteElo "2545"]
[BlackElo "2585"]

1.d4 Nf6 2.c4 e6 3.Nc3 Bb4 4.Qc2 O-O 5.a3 Bxc3+ 6.Qxc3 b6 7.Bg5 c5 8.dxc5 bxc5
9.e3 h6 10.Bh4 d6 11.Bd3 Nbd7 12.Ne2 Qb6 13.O-O Bb7 14.Rfd1 Rfe8 15.Qc2 d5
16.b3 Kh8 17.cxd5 exd5 18.Rac1 Rab8 19.Bxf6 Qxf6 20.Bb5 Bc6 21.Bxc6 Qxc6
22.Nf4 Re5 23.Nd3 Rg5 24.f4 Rh5 25.Nxc5 Nf6 26.Qe2 Qe8 27.b4 Qe7 28.Qf3 Re8
29.Rc3 g5 30.fxg5 hxg5 31.Rf1 Rh6 32.Qf5 Qd6 33.g3 Re5 34.Qf3 Qe7 35.Rd3 a5
36.Rfd1 Kg7 37.Rc3 Ne4 38.Nxe4 dxe4 39.Qe2 axb4 40.axb4 Qxb4 41.Qc4 Qxc4  1/2-1/2

[Event "Budapest FS08 GM"]
[Site "Budapest"]
[Date "1998.08.06"]
[Round "6"]
[White "Jelen, Igor"]
[Black "Soffer, Ram"]
[Result "0-1"]
[WhiteElo "2430"]
[BlackElo "2525"]

1.d4 Nf6 2.c4 e6 3.Nc3 Bb4 4.Qc2 O-O 5.a3 Bxc3+ 6.Qxc3 b6 7.Bg5 Ba6 8.e3 d6
9.Bd3 Nbd7 10.b4 c5 11.dxc5 bxc5 12.Nf3 h6 13.Bh4 Bb7 14.O-O Qc7 15.b5 Ne4
16.Qc2 f5 17.Nd2 Nef6 18.f3 Rae8 19.a4 g5 20.Bf2 Ba8 21.a5 Re7 22.a6 Rg7
23.Rad1 Nb6 24.Rfe1 Nfd7 25.Kh1 Ne5 26.Bf1 h5 27.Bg3 Nf7 28.f4 h4 29.Bf2 h3
30.Bg3 e5 31.Re2 Nh6 32.Nf3 gxf4 33.exf4 Ng4 34.Ng5 Rxg5 35.fxg5 Kg7 36.Qd3 f4
37.Qxd6 Qxd6 38.Rxd6 fxg3 39.Rf6 Nxf6 40.gxf6+ Rxf6  0-1

[Event "Budapest FS08 GM"]
[Site "Budapest"]
[Date "1998.08.08"]
[Round "8"]
[White "Jelen, Igor"]
[Black "Vovsha, Eli"]
[Result "1-0"]
[WhiteElo "2345"]
[BlackElo "2225"]

1.d4 Nf6 2.c4 e6 3.Nc3 Bb4 4.Qc2 O-O 5.a3 Bxc3+ 6.Qxc3 b6 7.Bg5 Ba6 8.e3 d6
9.Bd3 Nbd7 10.Ne2 c5 11.Rc1 Rc8 12.Qb3 h6 13.Bh4 cxd4 14.exd4 d5 15.O-O dxc4
16.Bxc4 Bxc4 17.Rxc4 Rxc4 18.Qxc4 Qa8 19.Rc1 Qd5 20.f3 b5 21.Qb4 a6 22.Rc7 Qh5
23.Qe1 Qf5 24.Bf2 Nb6 25.Ng3 Qf4 26.Rc6 Nfd5 27.Ne4 Nc4 28.b3 Nxa3 29.Bg3 Qe3+
30.Qxe3 Nxe3 31.Bd6 Nac2 32.Bxf8 Kxf8 33.Rxa6 Nxd4 34.Ra8+ Ke7 35.Ra7+ Kf8
36.Nd6 f6 37.Nb7 Ke7 38.Nc5+ Kd6 39.Ne4+ Ke5 40.Rxg7 Nxb3 41.Rb7 Nd4 42.Nc3 Kd6
43.Nxb5+ Kc6 44.Nxd4+ Kxb7 45.Nxe6 Kc8 46.Ng7 Kd7 47.Kf2 Nd1+ 48.Ke2 Nc3+
49.Kd3 Nd5 50.Ke4 Ne7 51.g3 Ng8 52.Kf5  1-0

[Event "Budapest FS08 GM"]
[Site "Budapest"]
[Date "1998.08.10"]
[Round "10"]
[White "Jelen, Igor"]
[Black "Lukacs, Peter"]
[Result "1/2-1/2"]
[WhiteElo "2345"]
[BlackElo "2475"]

1.d4 Nf6 2.c4 e6 3.Nc3 Bb4 4.Qc2 O-O 5.a3 Bxc3+ 6.Qxc3 b6 7.Bg5 Ba6 8.e3 d6
9.Bd3 Nbd7 10.Ne2 h6 11.Bh4 c5 12.b4 Rc8 13.dxc5 bxc5 14.b5 Bb7 15.O-O Qb6
16.Rfd1 Rfe8 17.Ra2 d5 18.Qb3 Ne5 19.Bxf6 gxf6 20.Rad2 Red8 21.Qc2 dxc4 22.Bxc4 Rxd2
23.Rxd2 Qa5 24.Rd1 Qxa3 25.Ng3 Qb4 26.Be2 c4 27.f4 Nd3 28.Bxd3 cxd3 29.Qxd3 Qc5  1/2-1/2

[Event "Wch (Women) U26"]
[Site "Rotterdam"]
[Date "1998.08.13"]
[Round "3"]
[White "Wang Lei"]
[Black "Lomineishvili, Maia"]
[Result "1/2-1/2"]
[WhiteElo "2445"]
[BlackElo "2350"]

1.d4 Nf6 2.c4 e6 3.Nc3 Bb4 4.Qc2 O-O 5.a3 Bxc3+ 6.Qxc3 b6 7.Bg5 Ba6 8.e3 d6
9.Bd3 Nbd7 10.Ne2 c5 11.Qc2 h6 12.Bh4 Rc8 13.Qa4 Bb7 14.O-O cxd4 15.exd4 d5
16.cxd5 Bxd5 17.Ba6 b5 18.Bxb5 Nb6 19.Qb4 Nc4 20.Bxc4 Rxc4 21.Bxf6 Rxb4 22.Bxd8 Rxb2
23.Be7 Re8 24.Bc5 Rxe2 25.Bxa7 Ra2 26.Rxa2 Bxa2 27.Rc1 e5 28.dxe5 Rxe5 29.f3 Rb5
30.Rc8+ Kh7 31.Bd4 Ra5 32.Bc5 Kg6 33.Kf2 Kf5 34.Ke3 Ke5 35.Bb4 Ra6 36.Rc5+ Ke6
37.Rc2 Bb3 38.Rc3 Ba4 39.Kd4 Kd7 40.Re3 Re6 41.Bf8 Rg6 42.g3 Kc6 43.Kc3 h5
44.Re4 Bd1 45.Rc4+ Kb6 46.f4 Rg4 47.Kd2 Bf3 48.Rc3 Bc6 49.h4 Rg6 50.Re3 f5
51.Kc3 Be4 52.Kd4 Kc7 53.a4 Ra6 54.Ra3 g6 55.a5 Kc6 56.Bc5 Ra8 57.Bb6 Re8
58.Rc3+ Kb5 59.Rc5+ Ka6 60.Rc7 Bb7 61.Rg7 Re4+ 62.Kc5 Re6 63.Kc4 Re4+ 64.Bd4 Re6
65.Be5 Rc6+ 66.Kb4 Re6 67.Rc7 Rc6 68.Re7 Bc8 69.Bd4 Bb7 70.Bc5 Rf6 71.Kc4 Rc6
72.Kd4 Rc8 73.Bb6 Rc1 74.Re3 Rc8 75.Re2 Be4 76.Re3 Re8 77.Rc3 Bb7 78.Rc5 Re4+
79.Kd3 Ra4 80.Rc3 Ra2 81.Kc4 Re2 82.Be3 Be4 83.Ra3 Rb2 84.Bd4 Rb5 85.Bb6 Rb1
86.Ra2 Rd1 87.Rb2 Rc1+ 88.Kd4 Rb1 89.Rd2 Rb3 90.Kc5 Rc3+ 91.Kb4 Rd3  1/2-1/2

[Event "Wch (Women) U26"]
[Site "Rotterdam"]
[Date "1998.08.18"]
[Round "7"]
[White "Lomineishvili, Maia"]
[Black "Dubinka, Inna"]
[Result "1-0"]
[WhiteElo "2350"]
[BlackElo "2325"]

1.d4 Nf6 2.c4 e6 3.Nc3 Bb4 4.Qc2 O-O 5.a3 Bxc3+ 6.Qxc3 b6 7.Bg5 Bb7 8.e3 h6
9.Bh4 c5 10.dxc5 bxc5 11.Bxf6 Qxf6 12.Qxf6 gxf6 13.f3 f5 14.Nh3 Nc6 15.Nf4 d6
16.Be2 Rfd8 17.Kf2 a5 18.h3 Rab8 19.Rac1 Ba6 20.Rc2 e5 21.Nd5 f4 22.Bd3 fxe3+
23.Nxe3 Rb3 24.Rd2 Rdb8 25.Nd1 Nd4 26.Bc2 R3b6 27.Bd3 f5 28.h4 Rb3 29.Bb1 Bxc4
30.Ba2 d5 31.Re1 e4 32.fxe4 fxe4 33.Kg1 Rd3 34.Rxd3 exd3 35.Bxc4 dxc4 36.Re5 Ne2+
37.Kf2 Rf8+ 38.Ke1 Ng3 39.Ne3 Rf4 40.Rxc5 Rxh4 41.Rxc4 Ne4 42.Nf1 Kf7 43.Rd4 Ke6
44.Rxd3 Nc5 45.Re3+ Kd5 46.Ng3 Rg4 47.Ne2 Na4 48.b3 Nc5 49.Kf2 h5 50.Kf3 Rg5
51.Nf4+ Kc6 52.Ke2 Rg4 53.Kf3 Rg5 54.Rc3 Kb5 55.a4+ Kb6 56.Re3 h4 57.Ne2 Kc6
58.Rc3 Kd5 59.Rc4 Nxb3 60.Rxh4 Nd2+ 61.Kf2 Ne4+ 62.Ke3 Nc5 63.Nc3+ Ke5 64.g4 Kf6
65.Kf3 Ke5 66.Ke3 Kf6 67.Kf4 Ne6+ 68.Kf3 Nc5 69.Rh6+ Ke5 70.Rb6 Kd4 71.Ne2+ Kc4
72.Rb5 Ne6 73.Rb8 Rg7 74.Rb5 Rg5 75.Rb6 Nc5 76.Kf4 Rg8 77.Rb5 Rf8+ 78.Kg3 Ne4+
79.Kh4 Rf2 80.Ng1 Rh2+ 81.Nh3 Rh1 82.Rf5 Kb3 83.Rf3+ Kxa4 84.Rf4 Re1 85.Nf2 Kb3
86.Nxe4 Rc1 87.Nd2+ Kc3 88.Nf3 Kb3 89.g5 Rc7 90.Nd2+ Kc3 91.Rc4+  1-0

[Event "FRA-ch"]
[Site "Meribel"]
[Date "1998.08.22"]
[Round "9"]
[White "Relange, Eloi"]
[Black "Dorfman, Josif D"]
[Result "1/2-1/2"]
[WhiteElo "2490"]
[BlackElo "2585"]

1.d4 Nf6 2.c4 e6 3.Nc3 Bb4 4.Qc2 O-O 5.a3 Bxc3+ 6.Qxc3 h6 7.Nf3 b6 8.g3 Bb7
9.Bg2 d6 10.O-O a5 11.b3 Nbd7 12.Bb2  1/2-1/2

[Event "POL-chTJ"]
[Site "Rowy"]
[Date "1998.08.25"]
[Round "6"]
[White "Jedynak, Jaroslaw"]
[Black "Liwak, Przemyslaw"]
[Result "1/2-1/2"]
[WhiteElo "2220"]
[BlackElo "2230"]

1.d4 Nf6 2.c4 e6 3.Nc3 Bb4 4.Qc2 O-O 5.a3 Bxc3+ 6.Qxc3 Ne4 7.Qc2 f5 8.Nh3 b6
9.f3 Nf6 10.e3 Bb7 11.Bd2 Na6 12.Be2 c5 13.O-O Qe7 14.Bc3 Rad8 15.Qa4 d6
16.b4 Qe8 17.Qb3 e5 18.dxe5 dxe5 19.Qb2 e4 20.f4 Qe7 21.Nf2 Bc8 22.Qb3 Be6
23.Qa4 Qb7 24.Rad1 Rd7 25.Rxd7 Bxd7 26.Qb3 Be6 27.Rd1 Kf7 28.h3 Qc8 29.b5 Nc7
30.Qa4 Qb7 31.g4 Ra8 32.Qb3 Nce8 33.Kh2 Qe7 34.Rg1 Rd8 35.Qc2 Kf8 36.gxf5 Bxf5
37.Rg5 Qe6 38.Rg1 Nd6 39.Bb2 Rd7 40.Ng4 Nf7 41.Qc3 Ne8 42.Qe1 Qd6 43.Bc3 Qe6
44.Qa1 Rd6 45.a4 Qe7 46.Qe1 Rg6 47.Ne5 Nxe5 48.Bxe5 Rh6 49.Bg4 Bxg4 50.Rxg4 Qe6
51.Qe2 Nf6 52.Bxf6 Rxf6 53.Rg5 Qd7 54.Qg2 Qd3 55.Rxg7 Rg6 56.Rxg6 hxg6 57.Qxg6  1/2-1/2

[Event "Herzliya"]
[Site "Herzliya"]
[Date "1998.09.11"]
[Round "6"]
[White "Lev, Ronen"]
[Black "Wells, Peter K"]
[Result "1/2-1/2"]
[WhiteElo "2460"]
[BlackElo "2515"]

1.d4 Nf6 2.c4 e6 3.Nc3 Bb4 4.Qc2 O-O 5.a3 Bxc3+ 6.Qxc3 b6 7.Bg5 Bb7 8.e3 d6
9.f3 Nbd7 10.Bd3 c5 11.dxc5 Nxc5 12.Bc2 Rc8 13.Bxf6 Qxf6 14.Qxf6 gxf6 15.O-O-O Rfd8
16.Nh3 e5 17.Kb1 a5 18.Nf2 d5 19.cxd5 Bxd5 20.Ng4 Kg7 21.Bxh7 Bb3 22.Bc2 Bxc2+
23.Kxc2 Nd3+ 24.Kb1 f5 25.Rd2 fxg4 26.Rhd1 Rh8 27.Rxd3 Rxh2 28.R1d2  1/2-1/2

[Event "CRO-chT"]
[Site "Porec"]
[Date "1998.09.13"]
[Round "7"]
[White "Kozul, Zdenko"]
[Black "Shariyazdanov, Andrey"]
[Result "1/2-1/2"]
[WhiteElo "2570"]
[BlackElo "2530"]

1.d4 Nf6 2.c4 e6 3.Nc3 Bb4 4.Qc2 O-O 5.a3 Bxc3+ 6.Qxc3 b6 7.Nf3 Bb7 8.e3 d6
9.Be2 Nbd7 10.O-O Ne4 11.Qc2 f5 12.b4 Qf6 13.Ne1 a5 14.f3 Ng5 15.c5 bxc5
16.bxc5 dxc5 17.Rb1 Bd5 18.dxc5 Qe7 19.c6 Nb6 20.a4 e5 21.Bb5 e4 22.f4 Nf7
23.Rf2 Rfd8 24.Bb2 Nd6 25.Qc5 Qf7 26.Bd4 Nxb5 27.axb5 Ba2 28.Rc1 Bc4 29.Qa3 Bxb5
30.Bxb6 cxb6 31.c7 Rdc8 32.Rfc2 Be8 33.Qd6 b5 34.Rc5 b4 35.Nc2 b3 36.Na3 b2
37.R1c3 Qa2 38.Rxf5 b1=Q+ 39.Nxb1 Qxb1+ 40.Kf2 Bf7 41.Rxa5 Qb2+ 42.Kg3 Qxc3
43.Rxa8 Qxe3+ 44.Kh4 Rxa8 45.Qd8+ Be8 46.Qxa8 Qxf4+ 47.Kh3 Qh6+ 48.Kg4 Qh5+
49.Kg3 Qg5+ 50.Kf2 Qd2+ 51.Kf1 Qd1+ 52.Kf2 Qd2+ 53.Kf1 Qc1+ 54.Ke2 Qc4+ 55.Ke1 Qc3+
56.Ke2 Qd3+ 57.Ke1 Qe3+ 58.Kf1 Qc1+ 59.Ke2 Qc2+ 60.Ke1 Qb1+ 61.Ke2 Qd3+ 62.Ke1 Qe3+  1/2-1/2

[Event "ESP-chT"]
[Site "Salamanca"]
[Date "1998.09.13"]
[Round "9"]
[White "Gavin Roche, Enrique"]
[Black "Vehi Bach, Victor Manuel"]
[Result "0-1"]
[WhiteElo "2210"]
[BlackElo "2390"]

1.d4 Nf6 2.c4 e6 3.Nc3 Bb4 4.Qc2 O-O 5.a3 Bxc3+ 6.Qxc3 b6 7.Nf3 Bb7 8.g3 c5
9.dxc5 bxc5 10.Bg2 Qb6 11.O-O Nc6 12.Rb1 a5 13.b3 d5 14.cxd5 exd5 15.Qc2 Rfe8
16.Be3 d4 17.Bf4 Ba6 18.Rfe1 Rxe2 19.Rxe2 d3 20.Qc3 dxe2 21.Nd2 Re8 22.Re1 Nd4
23.h3 h6 24.Be3 Nd7 25.b4 axb4 26.axb4 Qf6 27.Kh1 Nf5 28.Qxf6 gxf6 29.Bc6 Nxe3
30.fxe3 cxb4 31.Bxd7 Rd8 32.Ne4 Bb7 33.Kg1 Bxe4 34.Bg4 Rd2 35.Bxe2 b3  0-1

[Event "Itau Mercosul Cup 2nd"]
[Site "Sao Paulo"]
[Date "1998.09.15"]
[Round "8"]
[White "Leal, Joao Victor"]
[Black "Cicala, Luiz Carlos"]
[Result "1-0"]
[WhiteElo "2030"]
[BlackElo "2180"]

1.d4 Nf6 2.c4 e6 3.Nc3 Bb4 4.Qc2 O-O 5.a3 Bxc3+ 6.Qxc3 b5 7.cxb5 c6 8.e3 Bb7
9.Nf3 Nd5 10.Qd2 f5 11.bxc6 Nxc6 12.b4 Qb6 13.Be2 Rac8 14.Bb2 Rc7 15.O-O Rfc8
16.Rfc1 Nd8 17.Rxc7 Rxc7 18.Rc1 Nf7 19.Ne5 Nxe5 20.dxe5 Bc6 21.Qd3 Rb7 22.Qa6 Qxa6
23.Bxa6 Rb8 24.Bd4 Nc7 25.Be2 Rb7 26.h3 Kf7 27.Rc5 a6 28.Ra5 Bb5 29.Bf3 Nd5
30.Bc5 Rc7 31.e4 fxe4 32.Bxe4 Nc3 33.Bd6 Rc6 34.Bxc6 dxc6 35.f3 Ke8 36.Kf2 Na4
37.Ke3 Kd7 38.Bf8 g6 39.Kd4 Kc7 40.g3 Kb6 41.Ke3 Kc7 42.Kf4 Kd7 43.Kg5 Ke8
44.Bd6 Kf7 45.Kh6 Kg8 46.f4 Kh8 47.Be7 Kg8 48.Bf6 Nc3 49.g4 Na4 50.h4 Nb6
51.a4 Nxa4 52.h5 gxh5 53.gxh5 Nc3 54.Ra3 Nd5 55.Rg3+ Kf8 56.Bg5 Nxb4 57.Kxh7 Bd3+
58.Rxd3 Nxd3 59.Kg6  1-0

[Event "Elista ol (Men)"]
[Site "Elista"]
[Date "1998.09.29"]
[Round "1"]
[White "Vincenti, David Cilia"]
[Black "Mitkov, Nikola"]
[Result "1/2-1/2"]
[WhiteElo "2215"]
[BlackElo "2515"]

1.d4 Nf6 2.c4 e6 3.Nc3 Bb4 4.Qc2 O-O 5.a3 Bxc3+ 6.Qxc3 b6 7.Bg5 c5 8.dxc5 bxc5
9.e3 Nc6 10.Bd3 Qa5 11.Bxf6 gxf6 12.Ne2 Rb8 13.O-O-O Qxc3+ 14.Nxc3 Na5 15.Ne4 Nb3+
16.Kc2 Kg7 17.Nd6 Ba6 18.Kc3 Rb6 19.Bc2 Rfb8 20.Rd3 Kf8 21.Rhd1 Kg7 22.a4 Na5
23.Nb5 d5  1/2-1/2

[Event "Elista ol (Men)"]
[Site "Elista"]
[Date "1998.09.30"]
[Round "2"]
[White "Jacimovic, Dragoljub"]
[Black "Pinter, Jozsef"]
[Result "1-0"]
[WhiteElo "2490"]
[BlackElo "2595"]

1.d4 Nf6 2.c4 e6 3.Nc3 Bb4 4.Qc2 O-O 5.Nf3 c5 6.dxc5 Na6 7.Bd2 Nxc5 8.a3 Bxc3
9.Bxc3 Nce4 10.Bxf6 Nxf6 11.e4 d6 12.Bd3 e5 13.O-O Bg4 14.Ne1 Qc7 15.b3 Rac8
16.f3 Be6 17.Rf2 Nd7 18.a4 Nc5 19.Rb1 Qb6 20.Bf1 Bd7 21.a5 Qc7 22.Qd2 Ne6
23.Nc2 Bc6 24.g3 Rcd8 25.b4 b6 26.Ra1 Ba8 27.Bd3 Rb8 28.f4 exf4 29.gxf4 Qe7
30.axb6 axb6 31.Re1 Qf6 32.Qe3 Rfe8 33.Kf1 Qh6 34.Qg3 Qg6 35.Qh3 Qh6 36.Qxh6 gxh6
37.Ne3 Nd4 38.Ng4 Kf8 39.Nf6 Red8 40.Re3 Ke7 41.Nd5+ Kd7 42.Rh3 Bxd5 43.exd5 Ra8
44.Rb2 Rg8 45.Kf2 Rge8 46.Re3 Kc7 47.Rxe8 Rxe8 48.Bb1 b5 49.c5 f5 50.c6 Kb6
51.Rd2 Nb3 52.Rd3 Nc1 53.Rd1 Re2+ 54.Kf3  1-0